000 00914cam a22002653u 4500
001 21428
003 BD-RjUL
005 20211209000702.0
008 140304s1909 ||||||||s|||||||| ||||| d
035 _a(BD-RjUL)21492
040 _aWaSeSS
_cWaSeSS
_dWaSeSS
_dBD-RjUL
_beng
041 _aeng
082 _a910.4
_bBAF
100 1 _aBayne, S. G.
_966220
245 1 0 _aA Fantasy of Mediterranean Travel /
_cBayne, S. G.
260 _aLondon,
_bHapper and Brother Publishers,
_c1909.
300 _a103 p. ;
_c23cm.
500 _aTitle from content provider.
506 _aLicense restrictions may limit access.
650 _a Mediterranean Sea -- Description and travel.
_966221
700 1 _aBayne, S.G.
_966222
773 0 _tProject Gutenberg Online Catalog
856 4 0 _uhttp://www.columbia.edu/cgi-bin/cul/resolve?clio7494808
_zFull text available from Project Gutenberg Online Catalog
942 _2ddc
_cBK
999 _c21428
_d21428